[Event "San Francisco TNM Fall op"]
[Site "San Francisco"]
[Date "2017.12.12"]
[Round "8"]
[White "Brown, Nicholas"]
[Black "Chalissery, Jossy"]
[Result "0-1"]
[WhiteElo "1496"]
[BlackElo "1704"]
[PlyCount "52"]
[EventDate "2017.10.24"]
[EventType "swiss"]
[EventRounds "9"]
[EventCountry "USA"]
[SourceTitle "EXT 2023"]
[Source "ChessBase"]
[SourceDate "2022.10.05"]
[SourceVersion "1"]
[SourceVersionDate "2022.10.05"]
[SourceQuality "1"]

1. d4 b6 2. e4 Bb7 3. Nd2 e6 4. Ngf3 Nf6 5. Bd3 c5 6. c3 Be7 7. 0-0 0-0 8. Qc2 g6 9. e5 Nd5 10. a3 cxd4 11. cxd4 Nc6 12. Ne4 f5 13. exf6 Nxf6 14. Bh6 Re8 15. Nxf6+ Bxf6 16. Bxg6 Nxd4 17. Bf7+ Kh8 18. Nxd4 Bxd4 19. Qd2 Qf6 20. Bxe8 Rxe8 21. Qf4 Qg6 22. Qg5 Qc2 23. Rac1 Qxb2 24. Rcd1 Rg8 25. Bg7+ Bxg7 26. f3 Bd4+ 0-1

[Event "San Francisco TNM Summer op"]
[Site "San Francisco"]
[Date "2017.07.18"]
[Round "8"]
[White "White, Benjamin M"]
[Black "Brown, Nicholas"]
[Result "1-0"]
[WhiteElo "1466"]
[BlackElo "1551"]
[PlyCount "33"]
[EventDate "2017.05.23"]
[EventType "swiss"]
[EventRounds "8"]
[EventCountry "USA"]
[SourceTitle "EXT 2023"]
[Source "ChessBase"]
[SourceDate "2022.10.05"]
[SourceVersion "1"]
[SourceVersionDate "2022.10.05"]
[SourceQuality "1"]

1. e4 c6 2. d4 d5 3. Nc3 dxe4 4. Nxe4 Nd7 5. Nf3 Ngf6 6. Bd3 e6 7. Bg5 Be7 8. Qd2 h6 9. Bf4 Nxe4 10. Bxe4 Nf6 11. Bd3 0-0 12. Bxh6 gxh6 13. Qxh6 Qa5+ 14. c3 Rd8 15. Ng5 Rxd4 16. Bh7+ Kh8 17. Nxf7# 1-0

[Event "San Francisco TNM Summer op"]
[Site "San Francisco"]
[Date "2017.05.30"]
[Round "2"]
[White "Brown, Nicholas"]
[Black "Marcus, Joel"]
[Result "0-1"]
[WhiteElo "1551"]
[BlackElo "1919"]
[PlyCount "68"]
[EventDate "2017.05.23"]
[EventType "swiss"]
[EventRounds "8"]
[EventCountry "USA"]
[SourceTitle "EXT 2023"]
[Source "ChessBase"]
[SourceDate "2022.10.05"]
[SourceVersion "1"]
[SourceVersionDate "2022.10.05"]
[SourceQuality "1"]

1. d4 d5 2. c4 Nc6 3. e3 e5 4. cxd5 Qxd5 5. Nc3 Bb4 6. Bd2 Bxc3 7. Bxc3 exd4 8. Bxd4 Nxd4 9. Qxd4 Qxd4 10. exd4 Be6 11. Nf3 0-0-0 12. g3 Bd5 13. Bg2 Nf6 14. 0-0 Bxf3 15. Bxf3 Rxd4 16. Rac1 Rd2 17. Rfe1 Re8 18. Rxe8+ Nxe8 19. Bg4+ Kb8 20. Re1 Nd6 21. Re7 b5 22. Bd7 Rxb2 23. Be8 f6 24. Bc6 Rxa2 25. Rxg7 a5 26. Rxh7 a4 27. Rh6 Rc2 28. Bd7 a3 29. Be6 a2 30. Bxa2 Rxa2 31. Rxf6 b4 32. Rf3 Ra3 33. Rf4 c5 34. Rf6 Kc7 0-1

[Event "San Francisco TNM Spring op"]
[Site "San Francisco"]
[Date "2017.04.18"]
[Round "6"]
[White "Brown, Nicholas"]
[Black "Harris, Clarence"]
[Result "1-0"]
[WhiteElo "1528"]
[BlackElo "1400"]
[PlyCount "55"]
[EventDate "2017.03.14"]
[EventType "swiss"]
[EventRounds "8"]
[EventCountry "USA"]
[SourceTitle "EXT 2023"]
[Source "ChessBase"]
[SourceDate "2022.10.05"]
[SourceVersion "1"]
[SourceVersionDate "2022.10.05"]
[SourceQuality "1"]

1. d4 Nf6 2. c4 g6 3. Nc3 Bg7 4. e4 d6 5. Nf3 0-0 6. Be2 e5 7. dxe5 dxe5 8. 0-0 Nc6 9. Bg5 h6 10. Bh4 Be6 11. a3 Qe8 12. Qc2 Nd7 13. Rad1 a6 14. Bg3 Rc8 15. Nd5 Bxd5 16. cxd5 Nd4 17. Nxd4 exd4 18. b4 Qe7 19. Qb1 Rfe8 20. Bf3 Ne5 21. Be2 Nd7 22. f3 h5 23. Bf2 c5 24. bxc5 Qxc5 25. Qxb7 Ne5 26. Qb4 Qc2 27. Qd2 Nc4 28. Qxc2 1-0

[Event "San Francisco TNM Fall op"]
[Site "San Francisco"]
[Date "2016.12.06"]
[Round "8"]
[White "Lin, Aung Tun"]
[Black "Brown, Nicholas"]
[Result "1-0"]
[WhiteElo "1681"]
[BlackElo "1419"]
[PlyCount "65"]
[EventDate "2016.10.18"]
[EventType "swiss"]
[EventRounds "9"]
[EventCountry "USA"]
[SourceTitle "EXT 2018"]
[Source "ChessBase"]
[SourceDate "2017.10.13"]
[SourceVersion "1"]
[SourceVersionDate "2017.10.13"]
[SourceQuality "1"]

1. Nf3 d5 2. b3 Nf6 3. Bb2 e6 4. e3 Be7 5. Ne5 0-0 6. f4 Nbd7 7. Be2 c5 8. Nf3 b6 9. 0-0 Bb7 10. Qe1 Rc8 11. d3 Re8 12. Nbd2 Bd6 13. Ne5 Re7 14. Qh4 Nf8 15. Rf3 Ng6 16. Nxg6 fxg6 17. Bxf6 gxf6 18. Qxf6 d4 19. e4 Qe8 20. Nc4 Bc7 21. Raf1 Rf7 22. Qg5 Qf8 23. a4 Qg7 24. Rh3 Rcf8 25. e5 Rf5 26. Qg3 Qf7 27. Rh4 Kh8 28. Bf3 Bxf3 29. Rxf3 g5 30. fxg5 Rxf3 31. gxf3 Bd8 32. f4 Bc7 33. g6 1-0

[Event "San Francisco TNM Fall op"]
[Site "San Francisco"]
[Date "2016.11.22"]
[Round "6"]
[White "Brown, Nicholas"]
[Black "Chan, John"]
[Result "1-0"]
[WhiteElo "1419"]
[BlackElo "1595"]
[PlyCount "97"]
[EventDate "2016.10.18"]
[EventType "swiss"]
[EventRounds "9"]
[EventCountry "USA"]
[SourceTitle "EXT 2018"]
[Source "ChessBase"]
[SourceDate "2017.10.13"]
[SourceVersion "1"]
[SourceVersionDate "2017.10.13"]
[SourceQuality "1"]

1. d4 Nf6 2. c4 c6 3. Nc3 h6 4. Nf3 d6 5. e3 Nbd7 6. Bd3 Qc7 7. 0-0 e6 8. e4 e5 9. d5 a6 10. Ne2 Nc5 11. Ng3 Bd7 12. Bc2 b6 13. b3 Be7 14. Bb2 Rg8 15. Rc1 a5 16. Bb1 Qb7 17. a3 Na6 18. Bd3 c5 19. Re1 0-0-0 20. Be2 g5 21. h3 h5 22. Nh2 Kb8 23. Bxh5 Rg7 24. Bg4 Rh8 25. Bxd7 Qxd7 26. Nf5 Rgh7 27. Re3 Bd8 28. Rcc3 Nh5 29. Bc1 Nf4 30. Ng4 Kc7 31. Rf3 Ng6 32. Bd2 Kb7 33. Qc1 f6 34. Kf1 Rf8 35. Rcd3 Rhh8 36. Ke2 Bc7 37. Ng3 Nh4 38. Rxf6 Nxg2 39. Rxf8 Rxf8 40. Bxg5 Qh7 41. Bh6 Rf7 42. Qh1 Nh4 43. Bg5 Ng6 44. Rf3 Nf4+ 45. Bxf4 exf4 46. Nf5 Qh8 47. Qc1 Nb8 48. Qxf4 Ka6 49. Qh6 1-0

[Event "San Francisco Benson Memorial"]
[Site "San Francisco"]
[Date "2016.09.13"]
[Round "7"]
[White "McKellar, Daniel"]
[Black "Brown, Nicholas"]
[Result "1-0"]
[WhiteElo "1745"]
[BlackElo "1419"]
[PlyCount "89"]
[EventDate "2016.08.02"]
[EventType "swiss"]
[EventRounds "9"]
[EventCountry "USA"]
[SourceTitle "EXT 2018"]
[Source "ChessBase"]
[SourceDate "2017.10.13"]
[SourceVersion "1"]
[SourceVersionDate "2017.10.13"]
[SourceQuality "1"]

1. d4 d5 2. c4 e6 3. Nc3 Be7 4. Nf3 Nf6 5. cxd5 Nxd5 6. e4 Nf6 7. Bg5 0-0 8. Be2 b6 9. 0-0 Bb7 10. e5 Nd5 11. Bxe7 Nxe7 12. Rc1 a6 13. Bc4 Nd7 14. Re1 Ng6 15. d5 Re8 16. Qd2 exd5 17. Nxd5 Ndxe5 18. Nxe5 Nxe5 19. Qf4 Nxc4 20. Rxe8+ Qxe8 21. Qxc4 Bxd5 22. Qxd5 Rd8 23. Qg5 Qd7 24. g3 h6 25. Qf4 c5 26. Re1 Re8 27. Rxe8+ Qxe8 28. Qc7 Qe6 29. Kg2 Qd5+ 30. Kh3 b5 31. Qc8+ Kh7 32. Qxa6 b4 33. Qc8 Qe6+ 34. Qxe6 fxe6 35. b3 Kg6 36. Kg4 e5 37. Kf3 Kf6 38. Ke4 Ke6 39. h4 g5 40. hxg5 hxg5 41. g4 Kd6 42. Kf5 Kd5 43. Kxg5 Ke4 44. Kf6 Kf4 45. g5 1-0

[Event "San Francisco TNM Spring op"]
[Site "San Francisco"]
[Date "2015.05.05"]
[Round "8"]
[White "Dupree, Charles"]
[Black "Brown, Nicholas"]
[Result "1-0"]
[WhiteElo "1625"]
[BlackElo "1484"]
[PlyCount "55"]
[EventDate "2015.03.17"]
[EventType "swiss"]
[EventRounds "8"]
[EventCountry "USA"]
[SourceTitle "EXT 2016"]
[Source "ChessBase"]
[SourceDate "2015.10.08"]
[SourceVersion "1"]
[SourceVersionDate "2015.10.08"]
[SourceQuality "1"]

1. e4 c6 2. d4 d5 3. e5 Bf5 4. h4 h6 5. g4 Bh7 6. Bd3 Bxd3 7. Qxd3 e6 8. Nf3 c5 9. c4 dxc4 10. Qxc4 cxd4 11. Nxd4 Nd7 12. Qa4 Bc5 13. Nd2 Ne7 14. N2f3 0-0 15. Be3 Qb6 16. Qxd7 Rfd8 17. Qb5 Bxd4 18. Nxd4 Qxb5 19. Nxb5 Nd5 20. Nd6 Nxe3 21. fxe3 b6 22. 0-0 f6 23. Rad1 fxe5 24. Nc4 Rxd1 25. Rxd1 Rc8 26. Nxe5 Rc2 27. Rd8+ Kh7 28. h5 1-0

[Event "San Francisco TNM Fall op"]
[Site "San Francisco"]
[Date "2014.12.09"]
[Round "7"]
[White "Lin, Aung Tun"]
[Black "Brown, Nicholas"]
[Result "1-0"]
[WhiteElo "1689"]
[BlackElo "1520"]
[PlyCount "31"]
[EventDate "2014.10.21"]
[EventType "swiss"]
[EventRounds "8"]
[EventCountry "USA"]
[SourceTitle "EXT 2016"]
[Source "ChessBase"]
[SourceDate "2015.10.08"]
[SourceVersion "1"]
[SourceVersionDate "2015.10.08"]
[SourceQuality "1"]

1. f4 d5 2. Nf3 e6 3. b3 Nc6 4. Bb2 f6 5. e3 Bd7 6. Bb5 Bd6 7. 0-0 Qe7 8. Bxc6 Bxc6 9. Nd4 Qd7 10. Qg4 f5 11. Qg5 Qf7 12. Nxc6 h6 13. Qg3 bxc6 14. Bxg7 Rh7 15. Bb2 Nf6 16. Bxf6 1-0